000 00287nam a22001097a 4500
008 131217t xxu||||| |||| 00| 0 eng d
020 _a0-553-21297-4
100 _aEdited by David Bevington
_9441
245 _aShakespeare King Lear
_cby william shakespeare
300 _a000
942 _2ddc
_cBK
999 _c16712
_d16712